| 000 | 01313cam a22002174a 4500 | ||
|---|---|---|---|
| 005 | 20250605164139.0 | ||
| 008 | 250528s ||||||||||||||||||||||||d | ||
| 035 | _a18911 | ||
| 020 | _a194512304 | ||
| 040 |
_aGR-AtMCL _bgre _dGR-AtMCL _eAACR2 |
||
| 245 | 1 | _aReading Skills for the Social Sciences | |
| 260 |
_bOxford University Press, _c1988 |
||
| 300 | _a132 | ||
| 520 | _aThe material in this course book has been specifically designed to meet the needs of intermediate students of English who require reading skills for social science disciplines at university. Introduction, The Skill and Practice of Reading, Book Advertisements, Research Digest (Brief Research Reports), Economics (Extracts from a Textbook), The Russian Revolution (Book Review), The Overselling of Candidates on Television (Extended Report), Asking the Age Question (Academic Research Report), The Other Economy (Extended Report), Mobilizing the Middle Classes (Book Review), Human Aggression (Introduction to a Book), Inside the Black Box (Preface to a Book), Appendices, Lexis Common to Academic Prose, Prefixes and Suffixes, To Worksheets and Pre-Reading Questions. | ||
| 700 | 1 |
_aHaarman Louann _95195 |
|
| 700 | 1 |
_aLeech Patrick _95196 |
|
| 700 | 1 |
_aMurray Janet _95197 |
|
| 942 | _cBK | ||
| 999 |
_c4212 _d4212 |
||